000 00593cam a22002051 4500
001 ne 63000513
003 DLC
005 20260227111742.0
008 820614s1962 le 000 0 ararc
010 _ane 63000513
035 _a(OCoLC)8514661
040 _aPrinceton Univ. Libr.
_cTU
_dTU
_dDLC
042 _apremarc
050 0 0 _aPJ7832.A78
_bN3
100 1 _aHawi, Khalil S.,
_d1925-
245 1 0 _aNahr al-ramād,
_cshiʻr Khalīl Ḥāwī.
250 _a[Ṭabʻah thālithah]
260 _aBayrūt,
_bDār al-Ṭalīʻah lil-tibāʻah wa-al-Nashr.
_c[1962]
300 _a141 p.
_c20 cm.
999 _c45672
_d45672